Běžkyně /
Thriller. Pátý případ detektiva Li Jena a americké soudní lékařky Margaret Campbellové.
Uloženo v:
| Série: | Čínské thrillery,
část 5 |
|---|---|
| Hlavní autor: | |
| Další autoři: | |
| Médium: | E-kniha |
| Jazyk: | Czech |
| Vydáno: |
Brno :
Host,
2018
|
| Vydání: | První vydání |
| Edice: | Čínské thrillery
|
| Témata: | |
| Příbuzné jednotky: | Z cyklu::
Čínské thrillery |
| Tagy: |
Žádné tagy |
| LEADER | 02758cam a2200481 i 4500 | ||
|---|---|---|---|
| 001 | 310894 | ||
| 003 | CZ PrSKC | ||
| 005 | 20260601215656.0 | ||
| 007 | ta | ||
| 008 | 180528s2018 xr g 000 f cze d | ||
| 015 | |a cnb002998139 | ||
| 020 | |a 9788075774712 |q (vázáno) : |c Kč 349,00 | ||
| 035 | |a (OCoLC)1048454803 | ||
| 040 | |a OSA001 |b cze |d OLA001 |d ABA001 |e rda | ||
| 041 | 1 | |a cze |h eng | |
| 072 | 7 | |a 821.111-3 |x Anglická próza, anglicky psaná |2 Konspekt | |
| 080 | |a 821.111(410.5)-31 |2 MRF | ||
| 080 | |a (0:82-312.4) |2 MRF | ||
| 100 | 1 | |a May, Peter, |d 1951 prosinec 20.- |7 xx0168302 |4 aut | |
| 240 | 1 | 0 | |a Runner. |l Česky |
| 245 | 1 | 0 | |a Běžkyně / |c Peter May ; z anglického originálu The runner ... přeložil Filip Drlík |
| 250 | |a První vydání | ||
| 264 | 1 | |a Brno : |b Host, |c 2018 | |
| 300 | |a 381 stran ; |c 21 cm | ||
| 336 | |a text |b txt |2 rdacontent | ||
| 337 | |a bez média |b n |2 rdamedia | ||
| 338 | |a svazek |b nc |2 rdacarrier | ||
| 490 | 1 | |a Čínské thrillery ; |v V | |
| 520 | 2 | |a Thriller. Pátý případ detektiva Li Jena a americké soudní lékařky Margaret Campbellové. |b Vrcholový čínský plavec spáchá v předvečer olympiády sebevraždu -- a Čína tak ztrácí naději na vítězství proti Americe. Olympijský vzpěrač si vezme život v náruči své pekingské milenky -- a nejvyšší kruhy se pokoušejí tento skandál ututlat. Jenže ze sebevražd se vyklubou vraždy a ukáže se, že jsou spojeny s dalšími „náhodnými úmrtími“ nejlepších čínských atletů. Případu se ujímá čínský detektiv Li Jen a americká soudní lékařka Margaret Campbellová. Jejich jedinou nadějí je olympijská běžkyně. Ta ale záhadně zmizí a Liho kariéra i budoucnost mezinárodní atletiky se ocitají ve vážném ohrožení. Nakladatelská anotace. | |
| 655 | 7 | |a skotské romány (anglicky) |7 fd133439 |2 czenas | |
| 655 | 7 | |a detektivní romány |7 fd132010 |2 czenas | |
| 655 | 7 | |a thrillery (romány) |7 fd184206 |2 czenas | |
| 655 | 9 | |a Scottish fiction (English) |2 eczenas | |
| 655 | 9 | |a detective novels |2 eczenas | |
| 655 | 9 | |a thrillers (novels) |2 eczenas | |
| 700 | 1 | |a Drlík, Filip, |d 1986- |7 xx0164666 |4 trl | |
| 787 | 0 | 8 | |i Z cyklu: |t Čínské thrillery |g 5 |
| 830 | 0 | |a Čínské thrillery | |
| 900 | |a ABA001 |b 20 | ||
| 044 | |a xr | ||
| 910 | |a RBIT002 | ||
| 998 | |d 178210 |a https://core.palmknihy.cz/api/books/178210/cover?p7uogc |b https://core.palmknihy.cz/api/books/178210/cover/400?p7uogc |c https://core.palmknihy.cz/api/books/178210/cover/50?p7uogc |e 2027-02-10 |g 384 |i 9788075774712 |j https://core.palmknihy.cz/api/books/178210/preview.epub |k https://core.palmknihy.cz/api/books/178210/preview.pdf |l |q 49 |r 1 |s https://www.palmknihy.cz/kniha/178210 |t ebook |y 2018 |z 0 |v Čínské thrillery |w 5 | ||
| 999 | |d 310892 | ||